=LDR 00000nam 2200000 4500 =001 000629 =005 20250711115615 =035 ##$$a 0010-0725000497 =007 ta =008 250711################a##########0#ind## =020 ##$$a 978-623-307-479-7 =082 ##$$a 398.209 598 =084 ##$$a 398.209 598 DIX g =100 #$$a Dixit, Akshay =245 1#$$a Gembok Kunci /$c Akshay Dixit =250 ##$$a Cetakan Pertama =260 ##$$a Jakarta Timur :$b Badan Pengembangan dan Pembinaan Bahasa,$c 2024 =300 ##$$a 20 hlm. : $b Ilus. ; $c 29 cm =600 #4$$a cerita anak indonesia-terjemahan =856 ##$$a TBM As-Suhada =990 ##$$a TBM03960396